[Event "DVM U20 2021"]
[Site "Kiel GER"]
[Date "2022.07.23"]
[Round "2"]
[White "von Estorff, Jacob"]
[Black "Fidlin, Simon"]
[Result "1/2-1/2"]
[Termination "normal"]
[Board "5.2"]
[WhiteElo "2164"]
[BlackElo "2013"]
[WhiteClock "00:11:00"]
[BlackClock "00:15:16"]
[WhiteTeam "Post SV Uelzen"]
[BlackTeam "Karlsruher SF 1853"]
[PlyCount "78"]
[WhiteFideId "12974501"]
[BlackFideId "16217535"]
[EventCountry "GER"]
[EventRounds "7"]
[EventType "team-swiss"]
[EventDate "2022.07.22"]

1. e4 {[%clk 01:30:54]} {[%emt 00:00:05]} c5 {[%clk 01:30:49]} {[%emt
00:00:11]} 2. Nf3 {[%clk 01:30:54]} {[%emt 00:00:30]} d6 {[%clk 01:31:10]}
{[%emt 00:00:09]} 3. Nc3 {[%clk 01:30:35]} {[%emt 00:00:50]} Nf6 {[%clk
01:31:19]} {[%emt 00:00:21]} 4. h3 {[%clk 01:30:28]} {[%emt 00:00:38]} Nc6
{[%clk 01:29:10]} {[%emt 00:02:38]} 5. d4 {[%clk 01:29:22]} {[%emt 00:01:36]}
cxd4 {[%clk 01:29:31]} {[%emt 00:00:08]} 6. Nxd4 {[%clk 01:29:48]} {[%emt
00:00:04]} e5 {[%clk 01:28:48]} {[%emt 00:01:13]} 7. Nf3 {[%clk 01:28:11]}
{[%emt 00:02:08]} Be7 {[%clk 01:25:54]} {[%emt 00:03:23]} 8. Bg5 {[%clk
01:26:03]} {[%emt 00:02:38]} Be6 {[%clk 01:24:32]} {[%emt 00:01:52]} 9. Qd2
{[%clk 01:23:28]} {[%emt 00:03:05]} Qa5 {[%clk 01:13:14]} {[%emt 00:11:47]} 10.
Bxf6 {[%clk 01:18:21]} {[%emt 00:05:38]} Bxf6 {[%clk 01:11:31]} {[%emt
00:02:12]} 11. a3 {[%clk 01:07:07]} {[%emt 00:11:45]} O-O {[%clk 01:06:38]}
{[%emt 00:05:22]} 12. O-O-O {[%clk 01:03:42]} {[%emt 00:03:55]} a6 {[%clk
00:56:14]} {[%emt 00:10:53]} 13. Nd5 {[%clk 00:59:22]} {[%emt 00:04:52]} Bd8
{[%clk 00:55:22]} {[%emt 00:01:22]} 14. Qxa5 {[%clk 00:58:02]} {[%emt
00:01:49]} Nxa5 {[%clk 00:53:35]} {[%emt 00:02:16]} 15. g4 {[%clk 00:54:33]}
{[%emt 00:04:00]} Rc8 {[%clk 00:52:20]} {[%emt 00:01:45]} 16. Kb1 {[%clk
00:52:13]} {[%emt 00:02:50]} Nc4 {[%clk 00:50:17]} {[%emt 00:02:33]} 17. Bxc4
{[%clk 00:46:32]} {[%emt 00:06:12]} Rxc4 {[%clk 00:50:29]} {[%emt 00:00:17]}
18. Rhe1 {[%clk 00:46:49]} {[%emt 00:00:13]} g6 {[%clk 00:47:04]} {[%emt
00:03:55]} 19. b3 {[%clk 00:42:32]} {[%emt 00:04:48]} Rc5 {[%clk 00:46:24]}
{[%emt 00:01:08]} 20. Ne3 {[%clk 00:36:45]} {[%emt 00:06:19]} Be7 {[%clk
00:45:34]} {[%emt 00:01:19]} 21. b4 {[%clk 00:33:51]} {[%emt 00:03:24]} Rc6
{[%clk 00:41:53]} {[%emt 00:04:11]} 22. Rd2 {[%clk 00:29:52]} {[%emt 00:04:30]}
b5 {[%clk 00:40:34]} {[%emt 00:01:48]} 23. Kb2 {[%clk 00:29:02]} {[%emt
00:01:21]} Ra8 {[%clk 00:39:54]} {[%emt 00:01:09]} 24. Nd5 {[%clk 00:28:25]}
{[%emt 00:01:07]} Bd8 {[%clk 00:39:15]} {[%emt 00:01:09]} 25. Red1 {[%clk
00:28:03]} {[%emt 00:00:53]} Kg7 {[%clk 00:38:25]} {[%emt 00:01:19]} 26. Ne3
{[%clk 00:24:00]} {[%emt 00:04:33]} Be7 {[%clk 00:38:20]} {[%emt 00:00:34]} 27.
Nd5 {[%clk 00:24:11]} {[%emt 00:00:20]} Bd8 {[%clk 00:35:40]} {[%emt 00:03:10]}
28. Rd3 {[%clk 00:20:34]} {[%emt 00:04:07]} a5 {[%clk 00:32:52]} {[%emt
00:03:17]} 29. bxa5 {[%clk 00:18:13]} {[%emt 00:02:52]} Bxa5 {[%clk 00:32:02]}
{[%emt 00:01:20]} 30. Nd2 {[%clk 00:15:02]} {[%emt 00:03:42]} Rac8 {[%clk
00:28:54]} {[%emt 00:03:37]} 31. Rc1 {[%clk 00:15:25]} {[%emt 00:00:08]} Bd8
{[%clk 00:29:06]} {[%emt 00:00:18]} 32. Nb4 {[%clk 00:15:06]} {[%emt 00:00:49]}
Rb6 {[%clk 00:28:47]} {[%emt 00:00:49]} 33. Rd1 {[%clk 00:15:00]} {[%emt
00:00:37]} Bh4 {[%clk 00:27:01]} {[%emt 00:02:15]} 34. f3 {[%clk 00:14:18]}
{[%emt 00:01:13]} Bf2 {[%clk 00:25:56]} {[%emt 00:01:35]} 35. Nb3 {[%clk
00:13:18]} {[%emt 00:01:31]} Rd8 {[%clk 00:16:13]} {[%emt 00:10:12]} 36. R3d2
{[%clk 00:11:48]} {[%emt 00:01:59]} Be3 {[%clk 00:15:36]} {[%emt 00:01:07]} 37.
Rd3 {[%clk 00:12:15]} {[%emt 00:00:05]} Bf2 {[%clk 00:16:00]} {[%emt 00:00:05]}
38. Nd5 {[%clk 00:11:00]} {[%emt 00:01:46]} Rc6 {[%clk 00:15:16]} {[%emt
00:01:14]} 39. Nb4 {[%emt 00:02:45]} Rb6 {[%emt 00:02:27]} 1/2-1/2

[Event "DVM U20 2021"]
[Site "Kiel GER"]
[Date "2022.07.23"]
[Round "2"]
[White "Koll, Linus"]
[Black "Bargsten, Justus"]
[Result "1/2-1/2"]
[Termination "normal"]
[Board "5.3"]
[WhiteElo "2033"]
[BlackElo "2136"]
[WhiteClock "00:30:12"]
[BlackClock "00:17:04"]
[WhiteTeam "Karlsruher SF 1853"]
[BlackTeam "Post SV Uelzen"]
[PlyCount "45"]
[WhiteFideId "12990299"]
[BlackFideId "12974188"]
[EventCountry "GER"]
[EventRounds "7"]
[EventType "team-swiss"]
[EventDate "2022.07.22"]

1. e4 {[%clk 01:30:59]} e5 {[%clk 01:30:55]} {[%emt 00:00:05]} 2. Nf3 {[%clk
01:31:26]} {[%emt 00:00:03]} Nc6 {[%clk 01:31:21]} {[%emt 00:00:04]} 3. Bc4
{[%clk 01:31:52]} {[%emt 00:00:04]} Nf6 {[%clk 01:31:46]} {[%emt 00:00:04]} 4.
d3 {[%clk 01:32:12]} {[%emt 00:00:11]} Bc5 {[%clk 01:32:10]} {[%emt 00:00:06]}
5. O-O {[%clk 01:32:01]} {[%emt 00:00:41]} d6 {[%clk 01:32:33]} {[%emt
00:00:06]} 6. Be3 {[%clk 01:29:48]} {[%emt 00:02:44]} Bxe3 {[%clk 01:32:52]}
{[%emt 00:00:10]} 7. fxe3 {[%clk 01:30:14]} {[%emt 00:00:04]} Na5 {[%clk
01:25:17]} {[%emt 00:08:06]} 8. Nbd2 {[%clk 01:25:27]} {[%emt 00:05:17]} Nxc4
{[%clk 01:25:07]} {[%emt 00:00:39]} 9. Nxc4 {[%clk 01:25:47]} {[%emt 00:00:10]}
Be6 {[%clk 01:24:34]} {[%emt 00:01:03]} 10. b3 {[%clk 01:25:34]} {[%emt
00:00:44]} Qe7 {[%clk 01:17:18]} {[%emt 00:07:45]} 11. Qe1 {[%clk 01:23:53]}
{[%emt 00:02:12]} Nd7 {[%clk 01:08:41]} {[%emt 00:09:06]} 12. a4 {[%clk
01:08:47]} {[%emt 00:15:36]} O-O {[%clk 01:05:20]} {[%emt 00:03:50]} 13. Qg3
{[%clk 01:06:38]} {[%emt 00:02:39]} Kh8 {[%clk 01:03:00]} {[%emt 00:02:49]} 14.
Ng5 {[%clk 01:04:06]} {[%emt 00:03:02]} Bxc4 {[%clk 00:46:51]} {[%emt
00:16:39]} 15. bxc4 {[%clk 01:03:36]} {[%emt 00:01:01]} Nc5 {[%clk 00:45:26]}
{[%emt 00:01:54]} 16. Rf2 {[%clk 00:51:20]} {[%emt 00:12:46]} f6 {[%clk
00:40:23]} {[%emt 00:05:34]} 17. Nf3 {[%clk 00:50:48]} {[%emt 00:01:02]} f5
{[%clk 00:37:43]} {[%emt 00:03:10]} 18. exf5 {[%clk 00:40:26]} {[%emt
00:10:52]} Rxf5 {[%clk 00:37:53]} {[%emt 00:00:20]} 19. Nd2 {[%clk 00:32:32]}
{[%emt 00:08:24]} Rxf2 {[%clk 00:36:10]} {[%emt 00:02:13]} 20. Qxf2 {[%clk
00:32:41]} {[%emt 00:00:21]} Rf8 {[%clk 00:36:27]} {[%emt 00:00:12]} 21. Qe2
{[%clk 00:31:53]} {[%emt 00:01:18]} Qg5 {[%clk 00:26:52]} {[%emt 00:10:05]} 22.
Nb3 {[%clk 00:29:50]} {[%emt 00:02:34]} Nxb3 {[%clk 00:17:04]} {[%emt
00:10:18]} 23. cxb3 {[%clk 00:30:12]} {[%emt 00:00:08]} 1/2-1/2

[Event "DVM U20 2021"]
[Site "Kiel GER"]
[Date "2022.07.23"]
[Round "2"]
[White "Askerov, Imamali"]
[Black "Wegmer, Leon"]
[Result "0-1"]
[Termination "normal"]
[Board "5.4"]
[WhiteElo "1974"]
[BlackElo "1912"]
[WhiteClock "00:02:11"]
[BlackClock "00:11:07"]
[WhiteTeam "Post SV Uelzen"]
[BlackTeam "Karlsruher SF 1853"]
[PlyCount "132"]
[WhiteFideId "12974498"]
[BlackFideId "12983748"]
[EventCountry "GER"]
[EventRounds "7"]
[EventType "team-swiss"]
[EventDate "2022.07.22"]

1. e4 {[%clk 01:30:55]} {[%emt 00:00:04]} d5 {[%clk 01:30:28]} {[%emt
00:00:33]} 2. exd5 {[%clk 01:31:10]} {[%emt 00:00:15]} Qxd5 {[%clk 01:30:52]}
{[%emt 00:00:06]} 3. Nc3 {[%clk 01:30:59]} {[%emt 00:00:40]} Qd8 {[%clk
01:30:23]} {[%emt 00:00:59]} 4. d4 {[%clk 01:30:31]} {[%emt 00:00:58]} Nf6
{[%clk 01:30:48]} {[%emt 00:00:05]} 5. Nf3 {[%clk 01:28:52]} {[%emt 00:02:09]}
Bg4 {[%clk 01:31:13]} {[%emt 00:00:05]} 6. h3 {[%clk 01:29:07]} {[%emt
00:00:16]} Bxf3 {[%clk 01:31:40]} {[%emt 00:00:04]} 7. Qxf3 {[%clk 01:29:21]}
{[%emt 00:00:16]} c6 {[%clk 01:32:04]} {[%emt 00:00:06]} 8. Be3 {[%clk
01:26:05]} {[%emt 00:03:45]} e6 {[%clk 01:31:08]} {[%emt 00:01:26]} 9. Bd3
{[%clk 01:24:07]} {[%emt 00:02:27]} Be7 {[%clk 01:28:17]} {[%emt 00:03:21]} 10.
O-O {[%clk 01:22:44]} {[%emt 00:01:54]} O-O {[%clk 01:27:49]} {[%emt 00:00:58]}
11. Ne2 {[%clk 01:12:57]} {[%emt 00:10:17]} Nbd7 {[%clk 01:25:38]} {[%emt
00:02:41]} 12. Rad1 {[%clk 01:10:46]} {[%emt 00:02:41]} Qa5 {[%clk 01:22:24]}
{[%emt 00:03:44]} 13. a3 {[%clk 01:09:00]} {[%emt 00:02:16]} Qd5 {[%clk
01:15:12]} {[%emt 00:07:41]} 14. Qxd5 {[%clk 01:05:33]} {[%emt 00:03:57]} cxd5
{[%clk 01:14:48]} {[%emt 00:00:55]} 15. g4 {[%clk 01:04:06]} {[%emt 00:01:57]}
Nb6 {[%clk 01:12:20]} {[%emt 00:02:57]} 16. Ng3 {[%clk 01:02:25]} {[%emt
00:02:12]} Rfc8 {[%clk 01:08:21]} {[%emt 00:04:29]} 17. Rfe1 {[%clk 01:00:17]}
{[%emt 00:02:38]} Nc4 {[%clk 01:04:04]} {[%emt 00:04:48]} 18. Bc1 {[%clk
00:58:41]} {[%emt 00:02:06]} b5 {[%clk 01:02:24]} {[%emt 00:02:10]} 19. f4
{[%clk 00:56:10]} {[%emt 00:03:01]} Bd6 {[%clk 00:56:12]} {[%emt 00:06:42]} 20.
Kg2 {[%clk 00:54:57]} {[%emt 00:01:43]} g6 {[%clk 00:42:46]} {[%emt 00:13:55]}
21. Kf3 {[%clk 00:40:25]} {[%emt 00:15:02]} a5 {[%clk 00:37:33]} {[%emt
00:05:43]} 22. f5 {[%clk 00:33:33]} {[%emt 00:07:22]} Bxg3 {[%clk 00:32:25]}
{[%emt 00:05:38]} 23. Kxg3 {[%clk 00:33:55]} {[%emt 00:00:08]} Nd6 {[%clk
00:32:06]} {[%emt 00:00:49]} 24. fxe6 {[%clk 00:32:49]} {[%emt 00:01:36]} Nfe4+
{[%clk 00:32:28]} {[%emt 00:00:08]} 25. Kg2 {[%clk 00:32:53]} {[%emt 00:00:26]}
fxe6 {[%clk 00:32:53]} {[%emt 00:00:06]} 26. Bf4 {[%clk 00:31:33]} {[%emt
00:01:49]} Re8 {[%clk 00:31:21]} {[%emt 00:02:01]} 27. a4 {[%clk 00:22:57]}
{[%emt 00:09:07]} b4 {[%clk 00:26:26]} {[%emt 00:05:25]} 28. b3 {[%clk
00:09:06]} {[%emt 00:14:21]} Ra7 {[%clk 00:23:51]} {[%emt 00:03:04]} 29. Bxd6
{[%clk 00:08:19]} {[%emt 00:01:17]} Nxd6 {[%clk 00:24:16]} {[%emt 00:00:04]}
30. Rd2 {[%clk 00:08:10]} {[%emt 00:00:39]} Rae7 {[%clk 00:21:20]} {[%emt
00:03:26]} 31. Rde2 {[%clk 00:08:14]} {[%emt 00:00:26]} Nf7 {[%clk 00:14:59]}
{[%emt 00:06:51]} 32. Bb5 {[%clk 00:07:46]} {[%emt 00:00:59]} Rc8 {[%clk
00:15:24]} {[%emt 00:00:05]} 33. Bd3 {[%clk 00:08:09]} {[%emt 00:00:07]} Rce8
{[%clk 00:15:46]} {[%emt 00:00:07]} 34. Kg3 {[%clk 00:04:58]} {[%emt 00:03:41]}
Kg7 {[%emt 00:02:53]} 35. h4 {[%clk 00:04:12]} {[%emt 00:00:53]} Nd8 {[%clk
00:10:15]} {[%emt 00:04:00]} 36. Bb5 {[%clk 00:01:58]} {[%emt 00:02:45]} Rf8
{[%clk 00:10:34]} {[%emt 00:00:11]} 37. Rf2 {[%clk 00:02:02]} {[%emt 00:00:26]}
Rxf2 {[%clk 00:08:33]} {[%emt 00:02:31]} 38. Kxf2 {[%clk 00:02:31]} {[%emt
00:00:01]} Rc7 {[%clk 00:07:48]} {[%emt 00:01:14]} 39. Re2 {[%clk 00:01:56]}
{[%emt 00:01:05]} h6 {[%clk 00:07:16]} {[%emt 00:01:01]} 40. Bd3 {[%clk
00:01:02]} {[%emt 00:01:24]} Re7 {[%clk 00:05:11]} {[%emt 00:02:34]} 41. Bb5
{[%clk 00:01:09]} {[%emt 00:00:23]} g5 {[%clk 00:23:49]} {[%emt 00:11:53]} 42.
hxg5 {[%clk 00:30:44]} {[%emt 00:00:55]} hxg5 {[%clk 00:24:18]} {[%emt
00:00:01]} 43. Kg3 {[%clk 00:29:09]} {[%emt 00:02:05]} Rf7 {[%clk 00:24:03]}
{[%emt 00:00:44]} 44. Re5 {[%clk 00:17:57]} {[%emt 00:11:42]} Kf6 {[%clk
00:24:23]} {[%emt 00:00:11]} 45. Re1 {[%clk 00:13:30]} {[%emt 00:04:57]} Rc7
{[%clk 00:24:22]} {[%emt 00:00:30]} 46. Re2 {[%clk 00:12:15]} {[%emt 00:01:45]}
Rc3+ {[%clk 00:23:17]} {[%emt 00:01:34]} 47. Kg2 {[%clk 00:10:57]} {[%emt
00:01:48]} Ke7 {[%clk 00:22:32]} {[%emt 00:01:15]} 48. Rd2 {[%clk 00:10:00]}
{[%emt 00:01:27]} Nf7 {[%clk 00:18:45]} {[%emt 00:04:17]} 49. Be2 {[%clk
00:09:59]} {[%emt 00:00:32]} Nd6 {[%clk 00:16:15]} {[%emt 00:02:59]} 50. Bd3
{[%clk 00:07:54]} {[%emt 00:02:35]} Ne4 {[%clk 00:11:14]} {[%emt 00:05:31]} 51.
Bxe4 {[%clk 00:04:30]} {[%emt 00:03:55]} dxe4 {[%clk 00:11:41]} {[%emt
00:00:03]} 52. Re2 {[%clk 00:04:48]} {[%emt 00:00:12]} Kd6 {[%clk 00:10:19]}
{[%emt 00:01:52]} 53. Rxe4 {[%clk 00:04:18]} {[%emt 00:01:00]} Rxc2+ {[%clk
00:10:39]} {[%emt 00:00:09]} 54. Kf1 {[%clk 00:04:41]} {[%emt 00:00:07]} Kd5
{[%clk 00:08:23]} {[%emt 00:02:46]} 55. Re5+ {[%clk 00:04:55]} {[%emt
00:00:16]} Kxd4 {[%clk 00:08:48]} {[%emt 00:00:05]} 56. Rxe6 {[%clk 00:03:08]}
{[%emt 00:02:17]} Kc3 {[%clk 00:08:49]} {[%emt 00:00:29]} 57. Re5 {[%clk
00:02:56]} {[%emt 00:00:42]} Kxb3 {[%clk 00:09:13]} {[%emt 00:00:07]} 58. Rxa5
{[%clk 00:03:11]} {[%emt 00:00:15]} Ka2 {[%clk 00:08:07]} {[%emt 00:01:35]} 59.
Rb5 {[%clk 00:02:43]} {[%emt 00:00:58]} b3 {[%clk 00:08:26]} {[%emt 00:00:12]}
60. Rxg5 {[%clk 00:00:43]} {[%emt 00:02:30]} b2 {[%clk 00:08:50]} {[%emt
00:00:05]} 61. Rb5 {[%clk 00:01:00]} {[%emt 00:00:13]} b1=Q+ {[%clk 00:09:07]}
{[%emt 00:00:13]} 62. Rxb1 {[%clk 00:01:22]} Kxb1 {[%clk 00:09:34]} {[%emt
00:00:11]} 63. Kg1 {[%clk 00:01:26]} Rc4 {[%clk 00:09:51]} {[%emt 00:00:39]}
64. a5 {[%clk 00:01:22]} Rxg4 {[%clk 00:10:15]} {[%emt 00:00:40]} 65. Kf2
{[%emt 00:00:06]} Rg5 {[%clk 00:10:41]} 66. a6 {[%clk 00:02:11]} {[%emt
00:00:07]} Ra5 {[%clk 00:11:07]} {[%emt 00:00:04]} 0-1

[Event "DVM U20 2021"]
[Site "Kiel GER"]
[Date "2022.07.23"]
[Round "2"]
[White "Wang, Xinyuan"]
[Black "Rothenberg, Jannik"]
[Result "0-1"]
[Termination "normal"]
[Board "5.5"]
[WhiteElo "1875"]
[BlackElo "1889"]
[WhiteClock "00:04:59"]
[BlackClock "00:01:01"]
[WhiteTeam "Karlsruher SF 1853"]
[BlackTeam "Post SV Uelzen"]
[PlyCount "72"]
[WhiteFideId "16221494"]
[BlackFideId "16204743"]
[EventCountry "GER"]
[EventRounds "7"]
[EventType "team-swiss"]
[EventDate "2022.07.22"]

1. d4 {[%clk 01:30:53]} {[%emt 00:00:07]} c5 {[%clk 01:29:57]} {[%emt
00:01:04]} 2. d5 {[%clk 01:30:43]} {[%emt 00:00:39]} d6 {[%clk 01:30:12]}
{[%emt 00:00:15]} 3. e4 {[%clk 01:30:47]} {[%emt 00:00:26]} g6 {[%clk
01:30:22]} {[%emt 00:00:19]} 4. Nf3 {[%clk 01:30:41]} {[%emt 00:00:36]} Bg7
{[%clk 01:30:28]} {[%emt 00:00:25]} 5. Be2 {[%clk 01:30:51]} {[%emt 00:00:20]}
e6 {[%clk 01:28:45]} {[%emt 00:02:12]} 6. dxe6 {[%clk 01:27:13]} {[%emt
00:04:08]} fxe6 {[%clk 01:26:06]} {[%emt 00:03:09]} 7. O-O {[%clk 01:27:16]}
{[%emt 00:00:27]} Nc6 {[%clk 01:23:07]} {[%emt 00:03:28]} 8. c3 {[%clk
01:26:43]} {[%emt 00:01:04]} Nge7 {[%clk 01:19:34]} {[%emt 00:04:02]} 9. a4
{[%clk 01:22:53]} {[%emt 00:04:20]} O-O {[%clk 01:17:50]} {[%emt 00:02:14]} 10.
Na3 {[%clk 01:21:24]} {[%emt 00:01:59]} Kh8 {[%clk 01:14:39]} {[%emt 00:03:41]}
11. Be3 {[%clk 01:21:18]} {[%emt 00:00:36]} b6 {[%clk 01:11:55]} {[%emt
00:03:14]} 12. Qd2 {[%clk 01:19:47]} {[%emt 00:02:00]} d5 {[%clk 01:09:55]}
{[%emt 00:02:30]} 13. exd5 {[%clk 01:19:39]} {[%emt 00:00:38]} exd5 {[%clk
01:09:24]} {[%emt 00:01:01]} 14. Bh6 {[%clk 01:18:21]} {[%emt 00:01:48]} Nf5
{[%clk 01:04:48]} {[%emt 00:05:06]} 15. Bxg7+ {[%clk 01:18:11]} {[%emt
00:00:40]} Kxg7 {[%clk 01:05:03]} {[%emt 00:00:15]} 16. Bb5 {[%clk 01:17:53]}
{[%emt 00:00:49]} Bb7 {[%clk 00:53:35]} {[%emt 00:11:58]} 17. Rfe1 {[%clk
01:12:50]} {[%emt 00:05:32]} Qf6 {[%clk 00:48:17]} {[%emt 00:05:48]} 18. Ng5
{[%clk 01:06:55]} {[%emt 00:06:26]} Rae8 {[%clk 00:35:55]} {[%emt 00:12:52]}
19. f4 {[%clk 00:48:10]} {[%emt 00:19:15]} a6 {[%clk 00:31:07]} {[%emt
00:05:18]} 20. Bd3 {[%clk 00:35:41]} {[%emt 00:12:58]} Nd6 {[%clk 00:25:17]}
{[%emt 00:06:21]} 21. Nc2 {[%clk 00:29:01]} {[%emt 00:07:10]} h6 {[%clk
00:23:55]} {[%emt 00:01:51]} 22. Rxe8 {[%clk 00:28:35]} {[%emt 00:00:56]} Rxe8
{[%clk 00:15:33]} {[%emt 00:08:52]} 23. Nf3 {[%clk 00:28:49]} {[%emt 00:00:16]}
Ne4 {[%clk 00:15:13]} {[%emt 00:00:50]} 24. Bxe4 {[%clk 00:23:44]} {[%emt
00:05:35]} dxe4 {[%clk 00:14:48]} {[%emt 00:00:55]} 25. Qe3 {[%clk 00:21:33]}
{[%emt 00:02:40]} Qf7 {[%clk 00:10:30]} {[%emt 00:04:48]} 26. Nd2 {[%clk
00:15:35]} {[%emt 00:06:28]} Ne7 {[%clk 00:09:31]} {[%emt 00:01:29]} 27. c4
{[%clk 00:13:23]} {[%emt 00:02:43]} Nf5 {[%clk 00:07:08]} {[%emt 00:02:52]} 28.
Qb3 {[%clk 00:12:08]} {[%emt 00:01:45]} Qf6 {[%clk 00:03:56]} {[%emt 00:03:43]}
29. Re1 {[%clk 00:11:42]} {[%emt 00:00:56]} Nd4 {[%clk 00:03:12]} {[%emt
00:01:13]} 30. Qc3 {[%clk 00:09:45]} {[%emt 00:02:27]} Nxc2 {[%clk 00:01:22]}
{[%emt 00:02:20]} 31. Qxc2 {[%clk 00:10:14]} Qd4+ {[%clk 00:00:56]} {[%emt
00:00:57]} 32. Kh1 {[%clk 00:10:16]} {[%emt 00:00:28]} e3 {[%clk 00:00:48]}
{[%emt 00:00:38]} 33. Nf1 {[%clk 00:08:23]} {[%emt 00:02:23]} Qxf4 {[%clk
00:00:36]} {[%emt 00:00:42]} 34. Ng3 {[%clk 00:04:51]} {[%emt 00:04:02]} Kh7
{[%clk 00:00:34]} {[%emt 00:00:32]} 35. Rf1 {[%clk 00:04:31]} {[%emt 00:00:50]}
Qxf1+ {[%clk 00:00:40]} {[%emt 00:00:24]} 36. Nxf1 {[%clk 00:04:59]} {[%emt
00:00:02]} e2 {[%clk 00:01:01]} {[%emt 00:00:09]} 0-1

[Event "DVM U20 2021"]
[Site "Kiel GER"]
[Date "2022.07.23"]
[Round "2"]
[White "Falke, Philipp"]
[Black "Borodaev, Roman"]
[Result "0-1"]
[Termination "normal"]
[Board "5.6"]
[WhiteElo "1508"]
[BlackElo "1605"]
[WhiteClock "00:01:13"]
[BlackClock "00:07:06"]
[WhiteTeam "Post SV Uelzen"]
[BlackTeam "Karlsruher SF 1853"]
[PlyCount "80"]
[WhiteFideId "16294696"]
[BlackFideId "16274881"]
[EventCountry "GER"]
[EventRounds "7"]
[EventType "team-swiss"]
[EventDate "2022.07.22"]

1. e4 {[%clk 01:30:53]} {[%emt 00:00:05]} c5 {[%clk 01:30:57]} {[%emt
00:00:04]} 2. Nf3 {[%clk 01:31:12]} {[%emt 00:00:11]} Nc6 {[%clk 01:31:25]}
{[%emt 00:00:03]} 3. d4 {[%clk 01:31:32]} {[%emt 00:00:10]} cxd4 {[%clk
01:31:52]} {[%emt 00:00:04]} 4. Nxd4 {[%clk 01:31:50]} {[%emt 00:00:11]} g6
{[%clk 01:32:20]} {[%emt 00:00:02]} 5. Nc3 {[%clk 01:31:55]} {[%emt 00:00:24]}
Bg7 {[%clk 01:32:47]} {[%emt 00:00:04]} 6. Be3 {[%clk 01:31:36]} {[%emt
00:00:48]} Nf6 {[%clk 01:33:14]} {[%emt 00:00:04]} 7. f3 {[%clk 01:30:05]}
{[%emt 00:02:00]} O-O {[%clk 01:33:15]} {[%emt 00:00:29]} 8. Bc4 {[%clk
01:29:09]} {[%emt 00:01:26]} Qb6 {[%clk 01:33:36]} {[%emt 00:00:10]} 9. Bb3
{[%clk 01:16:31]} {[%emt 00:13:07]} Nxe4 {[%clk 01:33:58]} {[%emt 00:00:09]}
10. Na4 {[%clk 01:13:27]} {[%emt 00:03:33]} Qa5+ {[%clk 01:32:52]} {[%emt
00:01:36]} 11. c3 {[%clk 01:09:57]} {[%emt 00:04:00]} Nf6 {[%clk 01:33:09]}
{[%emt 00:00:14]} 12. Qd2 {[%clk 01:07:25]} {[%emt 00:02:59]} Nxd4 {[%clk
01:29:18]} {[%emt 00:04:24]} 13. Bxd4 {[%clk 01:06:50]} {[%emt 00:01:05]} d6
{[%clk 01:29:42]} {[%emt 00:00:06]} 14. Bc2 {[%clk 00:59:27]} {[%emt 00:07:51]}
b5 {[%clk 01:21:52]} {[%emt 00:08:22]} 15. b4 {[%clk 00:59:16]} {[%emt
00:00:40]} Qc7 {[%clk 01:22:18]} {[%emt 00:00:04]} 16. Nb2 {[%clk 00:58:36]}
{[%emt 00:01:10]} Bb7 {[%clk 01:18:47]} {[%emt 00:04:01]} 17. O-O {[%clk
00:54:11]} {[%emt 00:04:54]} Rfc8 {[%clk 01:11:02]} {[%emt 00:08:15]} 18. Nd1
{[%clk 00:45:22]} {[%emt 00:09:19]} a5 {[%clk 01:04:13]} {[%emt 00:07:20]} 19.
bxa5 {[%clk 00:41:18]} {[%emt 00:04:34]} Qxa5 {[%clk 01:04:14]} {[%emt
00:00:28]} 20. Bb3 {[%clk 00:39:42]} {[%emt 00:02:05]} e5 {[%clk 00:53:21]}
{[%emt 00:11:25]} 21. Bf2 {[%clk 00:33:12]} {[%emt 00:07:00]} d5 {[%clk
00:53:46]} {[%emt 00:00:06]} 22. Re1 {[%clk 00:30:51]} {[%emt 00:02:51]} Re8
{[%clk 00:42:52]} {[%emt 00:11:24]} 23. Bc5 {[%clk 00:24:54]} {[%emt 00:06:25]}
Qc7 {[%clk 00:40:33]} {[%emt 00:02:51]} 24. Bb4 {[%clk 00:25:03]} {[%emt
00:00:20]} Bc6 {[%clk 00:35:42]} {[%emt 00:05:23]} 25. Nf2 {[%clk 00:21:45]}
{[%emt 00:03:48]} Rad8 {[%clk 00:34:32]} {[%emt 00:01:40]} 26. Rac1 {[%clk
00:18:34]} {[%emt 00:03:40]} Qb6 {[%clk 00:26:19]} {[%emt 00:08:44]} 27. Kh1
{[%clk 00:17:18]} {[%emt 00:01:46]} e4 {[%clk 00:22:28]} {[%emt 00:04:21]} 28.
fxe4 {[%clk 00:16:28]} {[%emt 00:01:20]} Nxe4 {[%clk 00:22:03]} {[%emt
00:00:56]} 29. Nxe4 {[%clk 00:16:21]} {[%emt 00:00:36]} dxe4 {[%clk 00:22:29]}
{[%emt 00:00:04]} 30. Qe2 {[%clk 00:13:42]} {[%emt 00:03:08]} e3 {[%clk
00:18:19]} {[%emt 00:04:40]} 31. c4 {[%clk 00:10:55]} {[%emt 00:03:17]} bxc4
{[%clk 00:18:19]} {[%emt 00:00:30]} 32. Qxc4 {[%clk 00:09:41]} {[%emt
00:01:43]} Bd5 {[%clk 00:18:34]} {[%emt 00:00:17]} 33. Qc5 {[%clk 00:05:33]}
{[%emt 00:04:38]} Qxc5 {[%clk 00:17:14]} {[%emt 00:01:49]} 34. Bxc5 {[%clk
00:06:01]} {[%emt 00:00:02]} Bxb3 {[%clk 00:17:29]} {[%emt 00:00:15]} 35. axb3
{[%clk 00:06:29]} {[%emt 00:00:02]} Rd3 {[%clk 00:16:37]} {[%emt 00:01:22]} 36.
b4 {[%clk 00:06:00]} {[%emt 00:00:59]} e2 {[%clk 00:14:36]} {[%emt 00:02:31]}
37. Bf2 {[%clk 00:04:48]} {[%emt 00:01:42]} Bc3 {[%clk 00:13:10]} {[%emt
00:01:57]} 38. Rg1 {[%clk 00:04:56]} {[%emt 00:00:21]} Bxb4 {[%clk 00:13:08]}
{[%emt 00:00:32]} 39. g3 {[%clk 00:04:44]} {[%emt 00:00:42]} Red8 {[%clk
00:08:00]} {[%emt 00:05:38]} 40. Be1 {[%clk 00:01:13]} {[%emt 00:04:00]} Rd1
{[%clk 00:07:06]} {[%emt 00:01:25]} 0-1